| 000 | 00466nam a2200157 i 4500 | ||
|---|---|---|---|
| 001 | 46764 | ||
| 003 | ES-MaACL | ||
| 005 | 20230906161438.0 | ||
| 007 | t| | ||
| 008 | 030401s1965 sp ||||1| spa d | ||
| 111 | 2 |
_aCongreso Eucarístico Nacional ( _n6º) _9367 |
|
| 245 | 1 | 0 |
_aVI Congreso Eucarístico Nacional _b: León 5-12 julio 1964 : crónica oficial. |
| 260 |
_aLeón : _b[s.n., _c1965] |
||
| 300 |
_a331 p. ; _c25 cm. |
||
| 852 |
_aES-MaACL _jC-28666 _bR.58109 |
||
| 999 |
_c46764 _d46764 |
||